| 000 | 00525nam a2200217Ia 4500 | ||
|---|---|---|---|
| 003 | OSt | ||
| 005 | 20230406101419.0 | ||
| 008 | 210423s2010 xx 000 0 und d | ||
| 020 | _a9789380108452 | ||
| 040 | _cAL | ||
| 041 | _aeng | ||
| 082 |
_a514 PATC _223 |
||
| 100 |
_aPATTY (C Wayne). _984036 |
||
| 245 | _aFoundations of topology. | ||
| 250 | _a2 | ||
| 260 |
_aBoston _bJones & Bartlett Publishers _c2010 |
||
| 300 |
_ax,380 _bPB |
||
| 365 |
_b295 _cINR |
||
| 906 | _aFoundations ; topology. | ||
| 942 |
_2ddc _cBK |
||
| 999 |
_c158812 _d158812 |
||